Ihya' Ulumiddin : mengembangkan ilmu-ilmu agama / (Record no. 1301)
[ view plain ]
| 000 -LEADER | |
|---|---|
| fixed length control field | nam a22 a 4500 |
| 003 - CONTROL NUMBER IDENTIFIER | |
| control field | AKMAL |
| 005 - DATE AND TIME OF LATEST TRANSACTION | |
| control field | 20170509093415.0 |
| 008 - FIXED-LENGTH DATA ELEMENTS--GENERAL INFORMATION | |
| fixed length control field | 170509s1988 my e 000 0 may d |
| 020 ## - INTERNATIONAL STANDARD BOOK NUMBER | |
| International Standard Book Number | 9971772450 (Jilid 2)(hbk.) |
| 040 ## - CATALOGING SOURCE | |
| Original cataloging agency | AKMAL |
| 082 04 - DEWEY DECIMAL CLASSIFICATION NUMBER | |
| Classification number | 297.61 IMA |
| 090 ## - LOCALLY ASSIGNED LC-TYPE CALL NUMBER (OCLC); LOCAL CALL NUMBER (RLIN) | |
| Classification number (OCLC) (R) ; Classification number, CALL (RLIN) (NR) | 297.61 |
| Local cutter number (OCLC) ; Book number/undivided call number, CALL (RLIN) | IMA |
| 100 1# - MAIN ENTRY--PERSONAL NAME | |
| Personal name | Ghazali, Imam |
| 9 (RLIN) | 2577 |
| 245 10 - TITLE STATEMENT | |
| Title | Ihya' Ulumiddin : mengembangkan ilmu-ilmu agama / |
| Statement of responsibility, etc. | oleh Imam Ghazali ; terjemahan Prof. TK. H. Ismail Yakub MA - SH |
| 260 ## - PUBLICATION, DISTRIBUTION, ETC. | |
| Place of publication, distribution, etc. | Singapura : |
| Name of publisher, distributor, etc. | Pustaka National Pte Ltd., |
| Date of publication, distribution, etc. | 1988 |
| 300 ## - PHYSICAL DESCRIPTION | |
| Extent | 1172p. ; |
| Dimensions | 23cm. |
| 500 ## - GENERAL NOTE | |
| General note | Mengandungi petikan al-qura'an |
| 650 10 - SUBJECT ADDED ENTRY--TOPICAL TERM | |
| Topical term or geographic name entry element | Religious life |
| General subdivision | Islam |
| 9 (RLIN) | 819 |
| 650 20 - SUBJECT ADDED ENTRY--TOPICAL TERM | |
| Topical term or geographic name entry element | Islam |
| General subdivision | Customs and practices |
| 9 (RLIN) | 1330 |
| 650 20 - SUBJECT ADDED ENTRY--TOPICAL TERM | |
| Topical term or geographic name entry element | Islam |
| General subdivision | Moral theology and religious experience |
| 9 (RLIN) | 2578 |
| 700 1# - ADDED ENTRY--PERSONAL NAME | |
| Personal name | Yakup, Ismail, |
| Titles and other words associated with a name | Tengku Haji, |
| Dates associated with a name | 1903- |
| 9 (RLIN) | 1570 |
| 942 ## - ADDED ENTRY ELEMENTS (KOHA) | |
| Source of classification or shelving scheme | |
| Koha item type | Book |
| Withdrawn status | Lost status | Source of classification or shelving scheme | Damaged status | Not for loan | Collection code | Home library | Current library | Shelving location | Date acquired | Inventory number | Total Checkouts | Full call number | Barcode | Date last seen | Price effective from | Koha item type |
|---|---|---|---|---|---|---|---|---|---|---|---|---|---|---|---|---|
| NON-FICTION | AKMAL Melaka | AKMAL Melaka | PINJAMAN | 09.05.2017 | 200080 | 297.61 IMA | 201702461 | 09.05.2017 | 09.05.2017 | Book |
